Svinec /
Saved in:
| Main Author: | |
|---|---|
| Format: | Book |
| Language: | Russian |
| Published: |
Moskva :
Nauka,
1986.
|
| Edition: | 1. izd. |
| Series: | Analitičeskaja chimija elementov
|
| ISBN: |
(viaz.) |
| Physical Description: |
356 s. |
| Tags: |
Add Tag
No Tags, Be the first to tag this record!
|
Titul je dostupný aj v ... 

MARC
| LEADER | 00000nam a2200000 a 4500 | ||
|---|---|---|---|
| 001 | 000390708 | ||
| 005 | 20260407131959.0 | ||
| 008 | 120715s1986 ru e rus d | ||
| FMT | |||
| 020 | |a (viaz.) |c Kčs 53,00 | ||
| 040 | |a SVKKK |b slo |c SVKKK |e AACR2 | ||
| 041 | 0 | |a rus | |
| 044 | |a ru |c RU | ||
| 100 | 1 | |a Poljanskij, Nikolaj Georgijevič |4 aut | |
| 245 | 1 | 0 | |a Svinec / |c N. G. Poljanskij. |
| 250 | |a 1. izd. | ||
| 260 | |a Moskva : |b Nauka, |c 1986. | ||
| 300 | |a 356 s. | ||
| 490 | 1 | |a Analitičeskaja chimija elementov | |
| 830 | 0 | |a Analitičeskaja chimija elementov | |
| 910 | |a svkkk | ||
| 998 | |a BK | ||
| OWN | |||
| Z30 | 1 | |l SCK01 |l SCK01 |m BOOK |1 SCKHL |2 SK10 |b Sklad Pribinova 2. posch. |3 III.137439 |6 741636 |q 19870715 |5 B247048 |4 Zastaraná |8 20120715 |g EMPTYKNIHA |e 0000 |f 10 |s Vyradená |h SCKRT |z 1.76 |t 00000000 |u 0000 |w 000390708 |x 000010 |r 000 | |
| a02 | 0 | |a (viaz.) | |
| 090 | |g SCKHL |k Sklad Pribinova 2. posch. |a III.137439 |j 741636 |i B247048 |4 Zastaraná |s Vyradená |r 000 | ||